000 00619nam a2200205Ia 4500
003 GCL
008 140319s9999 xx 000 0 eng d
040 _aGCL /
_cGCL
082 0 4 _a820.9353
_bH R
100 1 _aHENDERSON, ANDREA K
245 1 0 _aROMANTIC IDENTITIES: VARIETIES OF SUBJECTIVITY 1774 - 1830 /
_cHENDERSON, ANDREA K
260 _a[S.N] :
_bCAMBRIDGE UNIVERSITY PRESS ،
_c1996
300 _a198 P
650 0 4 _aLITERATURE
650 0 4 _aENGLISH LITERATURE 19TH CENTURY
650 0 4 _aROMANTICISM - GREAT BRITIAN
650 0 4 _aIDENTITY IN LITERATURE
650 0 4 _aSELF IN LITERATURE
942 _2ddc
_cBK
999 _c13788
_d13788